[Event "GER-chT Betriebe 14th"]
[Site "Dresden"]
[Date "2014.11.23"]
[Round "7.3"]
[White "Segerberg, Tomas Olof"]
[Black "Kettenburg, Stefan"]
[Result "1/2-1/2"]
[WhiteElo "2075"]
[BlackElo "2063"]
[PlyCount "33"]
[EventDate "2014.11.20"]
[EventType "team-swiss"]
[EventRounds "7"]
[EventCountry "GER"]
[SourceTitle "EXT 2020"]
[Source "ChessBase"]
[SourceDate "2019.10.17"]
[SourceVersion "1"]
[SourceVersionDate "2019.10.17"]
[SourceQuality "1"]
[WhiteTeam "Muenchen EPA"]
[BlackTeam "Berlin Tempelhof"]
[WhiteTeamCountry "GER"]
[BlackTeamCountry "GER"]

1. c4 Nf6 2. Nc3 c6 3. e4 d5 4. e5 d4 5. exf6 dxc3 6. fxg7 cxd2+ 7. Bxd2 Bxg7 8. Qb3 Qb6 9. Bc3 Qxb3 10. axb3 Bxc3+ 11. bxc3 Bf5 12. Ne2 Nd7 13. Nd4 Bg6 14. Be2 0-0 15. f4 e5 16. fxe5 Nxe5 17. 0-0 1/2-1/2

[Event "GER-chT Betriebe 14th"]
[Site "Dresden"]
[Date "2014.11.21"]
[Round "4.3"]
[White "Schmidt, Gerhard"]
[Black "Kettenburg, Stefan"]
[Result "1/2-1/2"]
[WhiteElo "2116"]
[BlackElo "2063"]
[PlyCount "25"]
[EventDate "2014.11.20"]
[EventType "team-swiss"]
[EventRounds "7"]
[EventCountry "GER"]
[SourceTitle "EXT 2020"]
[Source "ChessBase"]
[SourceDate "2019.10.17"]
[SourceVersion "1"]
[SourceVersionDate "2019.10.17"]
[SourceQuality "1"]
[WhiteTeam "Altenberg Europark"]
[BlackTeam "Berlin Tempelhof"]
[WhiteTeamCountry "GER"]
[BlackTeamCountry "GER"]

1. e4 c6 2. d4 d5 3. e5 Bf5 4. Nd2 e6 5. Ngf3 c5 6. c4 Nc6 7. cxd5 Qxd5 8. Bc4 Qd7 9. dxc5 Bxc5 10. 0-0 Nge7 11. Qe2 0-0 12. Nb3 Bb6 13. Be3 1/2-1/2

[Event "GER-chT Betriebe"]
[Site "Berlin"]
[Date "2006.10.06"]
[Round "3.2"]
[White "Zivkovic, Vladimir"]
[Black "Kettenburg, Stefan"]
[Result "1/2-1/2"]
[WhiteElo "1905"]
[BlackElo "1849"]
[PlyCount "55"]
[EventDate "2006.10.05"]
[EventType "team-tourn"]
[EventRounds "7"]
[EventCountry "GER"]
[SourceTitle "EXT 2007"]
[Source "ChessBase"]
[SourceDate "2006.11.23"]
[SourceVersion "1"]
[SourceVersionDate "2006.11.23"]
[SourceQuality "1"]
[WhiteTeam "Gillette III"]
[BlackTeam "BA Tempelhof"]
[WhiteTeamCountry "GER"]
[BlackTeamCountry "GER"]

1. d4 d5 2. c4 e6 3. Nc3 Nf6 4. Nf3 c6 5. Bg5 Be7 6. e3 Nbd7 7. Bd3 0-0 8. Rc1 dxc4 9. Bxc4 Nd5 10. Bxe7 Qxe7 11. a3 Nxc3 12. Rxc3 e5 13. 0-0 e4 14. Nd2 Nf6 15. f3 Be6 16. Bxe6 Qxe6 17. fxe4 Nxe4 18. Nxe4 Qxe4 19. Rf4 Qe6 20. Qd3 f5 21. Rc5 g6 22. Re5 Qa2 23. b4 Rae8 24. Rc5 a6 25. Rc2 Qe6 26. Rf3 Re7 27. Rcf2 Rfe8 28. Re2 1/2-1/2

[Event "Pardubice op-A"]
[Site "Pardubice"]
[Date "2005.07.26"]
[Round "5"]
[White "Kettenburg, Stefan"]
[Black "Golcman, Evgeny"]
[Result "1/2-1/2"]
[WhiteElo "2044"]
[BlackElo "2296"]
[PlyCount "113"]
[EventDate "2005.07.22"]
[EventType "swiss"]
[EventRounds "9"]
[EventCountry "CZE"]
[SourceTitle "CBM 107 Extra"]
[Source "ChessBase"]
[SourceDate "2005.09.01"]
[SourceVersion "1"]
[SourceVersionDate "2005.09.01"]
[SourceQuality "1"]

1. d4 f5 2. c4 Nf6 3. Nc3 g6 4. f3 Bg7 5. e4 d6 6. e5 dxe5 7. dxe5 Qxd1+ 8. Kxd1 Nfd7 9. f4 c6 10. Nf3 Na6 11. Be3 Ndc5 12. a3 Be6 13. Kc2 Bf7 14. Rd1 h6 15. Be2 Ne6 16. Nd4 Nxd4+ 17. Bxd4 Nc7 18. Rd2 Ne6 19. Be3 Rd8 20. g3 Rxd2+ 21. Kxd2 g5 22. Bd3 gxf4 23. gxf4 Bg6 24. Rg1 Kf7 25. Ne2 h5 26. Nd4 Nxd4 27. Bxd4 e6 28. Bxa7 Bh6 29. Be3 h4 30. Be2 Ra8 31. Kc3 Ra5 32. Bc1 Ra8 33. b4 Bf8 34. Kb3 Be7 35. a4 Rh8 36. h3 Bh5 37. Bxh5+ Rxh5 38. Be3 Rh8 39. b5 Rd8 40. Kc3 Ra8 41. Kb3 cxb5 42. cxb5 Rd8 43. Kc4 Rc8+ 44. Kb3 Rd8 45. Kc4 Rc8+ 46. Kd3 Rd8+ 47. Ke2 Ra8 48. Ra1 Bb4 49. Bd2 Bxd2 50. Kxd2 b6 51. Kc3 Ke7 52. Kb4 Rd8 53. Rc1 Rd4+ 54. Rc4 Rd3 55. Rc3 Rd4+ 56. Rc4 Rd3 57. Rc3 1/2-1/2

[Event "Prague op-A 04th"]
[Site "Prague"]
[Date "2005.01.17"]
[Round "5"]
[White "Broekman, Willem"]
[Black "Kettenburg, Stefan"]
[Result "0-1"]
[WhiteElo "2143"]
[BlackElo "2030"]
[PlyCount "48"]
[EventDate "2005.01.14"]
[EventType "swiss"]
[EventRounds "9"]
[EventCountry "CZE"]
[SourceTitle "CBM 104 Extra"]
[Source "ChessBase"]
[SourceDate "2005.03.01"]
[SourceVersion "1"]
[SourceVersionDate "2005.03.01"]
[SourceQuality "1"]

1. d4 d5 2. c4 e6 3. Nc3 Nf6 4. Bg5 Be7 5. cxd5 exd5 6. e3 c6 7. Qc2 0-0 8. Bd3 Nbd7 9. Nf3 Re8 10. 0-0 Nf8 11. Rab1 a5 12. a3 Ng6 13. b4 axb4 14. axb4 Ne4 15. Bxe7 Qxe7 16. b5 Nxc3 17. Qxc3 Bg4 18. Bxg6 Bxf3 19. Bd3 Qg5 20. g3 Re6 21. bxc6 Qh5 22. h4 Rxc6 23. Qb2 Qg4 24. Rbc1 Qh3 0-1

[Event "Prague op-A 04th"]
[Site "Prague"]
[Date "2005.01.15"]
[Round "2"]
[White "Matovic, Petar"]
[Black "Kettenburg, Stefan"]
[Result "1/2-1/2"]
[WhiteElo "2263"]
[BlackElo "2030"]
[PlyCount "78"]
[EventDate "2005.01.14"]
[EventType "swiss"]
[EventRounds "9"]
[EventCountry "CZE"]
[SourceTitle "CBM 104 Extra"]
[Source "ChessBase"]
[SourceDate "2005.03.01"]
[SourceVersion "1"]
[SourceVersionDate "2005.03.01"]
[SourceQuality "1"]

1. d4 d5 2. Nf3 Nf6 3. Bf4 e6 4. e3 Be7 5. Ne5 Nbd7 6. Nd2 Nxe5 7. dxe5 Nd7 8. Bd3 c6 9. Qe2 Qb6 10. 0-0-0 Nc5 11. h4 Na4 12. Nb3 a5 13. c4 Nc5 14. Nxc5 Qxc5 15. Kb1 a4 16. Rc1 Qa5 17. h5 a3 18. b3 Bb4 19. Qg4 Kf8 20. Rh3 Be7 21. e4 dxc4 22. Bxc4 b5 23. Bd3 c5 24. Rg3 Rg8 25. Bh6 c4 26. Bxg7+ Ke8 27. Bc2 h6 28. Qf3 Bb7 29. Bxh6 Rxg3 30. fxg3 Rc8 31. Bf4 cxb3 32. Bxb3 Rxc1+ 33. Bxc1 Qe1 34. Bc2 Bg5 35. Qxa3 Bxe4 36. Qb2 Bxc1 37. Qxc1 Qb4+ 38. Qb2 Qe1+ 39. Qc1 Qb4+ 1/2-1/2

[Event "Berlin Kreuzberg op 5th"]
[Site "Berlin"]
[Date "2004.07.04"]
[Round "9"]
[White "Albrecht, Rainer"]
[Black "Kettenburg, Stefan"]
[Result "1-0"]
[WhiteElo "2245"]
[BlackElo "2023"]
[PlyCount "115"]
[EventDate "2004.06.26"]
[EventType "swiss"]
[EventRounds "9"]
[EventCountry "GER"]
[SourceTitle "EXT 2022"]
[Source "ChessBase"]
[SourceDate "2021.10.06"]
[SourceVersion "1"]
[SourceVersionDate "2021.10.06"]
[SourceQuality "1"]

1. d4 d5 2. c4 e6 3. Nc3 Nf6 4. cxd5 exd5 5. Bg5 c6 6. e3 Bf5 7. Qf3 Bg6 8. Bxf6 Qxf6 9. Qxf6 gxf6 10. Nge2 Bd3 11. Kd2 Ba6 12. g4 Nd7 13. Ng3 Bxf1 14. Raxf1 Nb6 15. Nh5 Nc4+ 16. Kc2 Be7 17. e4 Nb6 18. exd5 Nxd5 19. Nxd5 cxd5 20. Re1 Kd7 21. Nf4 Bb4 22. Re3 Rac8+ 23. Kd3 Kd6 24. Nh5 Rc4 25. Nxf6 Rhc8 26. a3 Ba5 27. Nxd5 Kxd5 28. Re5+ Kd6 29. Rxa5 Rc2 30. Rb5 Rxf2 31. Rxb7 Rcc2 32. b4 a6 33. Re1 Rfd2+ 34. Ke3 Rxh2 35. Rb6+ Kd5 36. Rxa6 Rh3+ 37. Kf4 Rf2+ 38. Kg5 Kxd4 39. a4 h5 40. gxh5 Rg2+ 41. Kh6 Rgh2 42. Ra5 Rb2 43. Rf5 Rxb4 44. Rf4+ Kc3 45. Rxb4 Kxb4 46. Rf1 Kxa4 47. Rxf7 Kb5 48. Rc7 Kb6 49. Rc2 Rd3 50. Rg2 Kc7 51. Kh7 Kd8 52. h6 Rf3 53. Kg7 Ke7 54. h7 Rf7+ 55. Kg6 Rf6+ 56. Kg5 Rf8 57. Re2+ Kd7 58. Kg6 1-0

[Event "Berlin op 04"]
[Site "Berlin"]
[Date "2004.04.17"]
[Round "8"]
[White "Figura, Atila Gajo"]
[Black "Kettenburg, Stefan"]
[Result "1-0"]
[WhiteElo "2134"]
[BlackElo "1980"]
[PlyCount "75"]
[EventDate "2004.04.10"]
[EventType "swiss"]
[EventRounds "9"]
[EventCountry "GER"]
[SourceTitle "EXT 2007"]
[Source "ChessBase"]
[SourceDate "2006.11.23"]
[SourceVersion "1"]
[SourceVersionDate "2006.11.23"]
[SourceQuality "1"]

1. d4 d5 2. c4 e6 3. Nc3 Nf6 4. cxd5 exd5 5. Bf4 c6 6. e3 Bf5 7. Bd3 Bxd3 8. Qxd3 Nbd7 9. h3 Be7 10. Nf3 0-0 11. 0-0 Re8 12. Rab1 a5 13. Rfc1 Bf8 14. Nd2 Re6 15. Qf5 Ne8 16. Nf3 Qf6 17. Qc2 Qg6 18. Qb3 b5 19. a4 b4 20. Ne2 Nd6 21. Qd1 Nf5 22. Bh2 Bd6 23. Nf4 Bxf4 24. Bxf4 h6 25. Ra1 Qf6 26. Rc2 g5 27. Bh2 h5 28. Ne1 Qg6 29. Nd3 Nh4 30. Bg3 Nf5 31. Ne5 Nxe5 32. Bxe5 g4 33. hxg4 hxg4 34. Rac1 g3 35. Qf3 gxf2+ 36. Rxf2 Nh6 37. Qh3 Qg4 38. Rf3 1-0

[Event "Berlin op 04"]
[Site "Berlin"]
[Date "2004.04.14"]
[Round "5"]
[White "Koerlin, Hans Juergen"]
[Black "Kettenburg, Stefan"]
[Result "0-1"]
[WhiteElo "1783"]
[BlackElo "1980"]
[PlyCount "92"]
[EventDate "2004.04.10"]
[EventType "swiss"]
[EventRounds "9"]
[EventCountry "GER"]
[SourceTitle "EXT 2007"]
[Source "ChessBase"]
[SourceDate "2006.11.23"]
[SourceVersion "1"]
[SourceVersionDate "2006.11.23"]
[SourceQuality "1"]

1. e4 c6 2. d4 d5 3. e5 Bf5 4. Be3 e6 5. Nd2 Qb6 6. g4 Bg6 7. Nb3 h5 8. gxh5 Bxh5 9. Be2 Bg6 10. Bd3 Bxd3 11. Qxd3 Ne7 12. 0-0-0 Nf5 13. Ne2 a5 14. Ng3 Nh4 15. Nd2 Na6 16. a3 c5 17. dxc5 Bxc5 18. Bxc5 Nxc5 19. Qd4 Qc7 20. Kb1 b5 21. b3 Rc8 22. Rc1 Nd7 23. f4 g5 24. fxg5 Qxe5 25. Qxe5 Nxe5 26. Rcg1 Nef3 27. Nxf3 Nxf3 28. Rg2 Nxg5 29. Nf5 Ne4 30. Nd4 b4 31. a4 Kd7 32. h4 Rcg8 33. Rxg8 Rxg8 34. Kc1 Rh8 35. Rh2 Rh5 36. Kd1 f5 37. Ke2 e5 38. Nf3 f4 39. Ne1 Ke6 40. Nf3 Ng3+ 41. Kf2 Kf5 42. Kg2 Kg4 43. Rh3 e4 44. Nh2+ Kf5 45. Kf2 d4 46. Kg2 Rh7 0-1

[Event "Berlin tt 0001"]
[Site "Berlin"]
[Date "2001.02.04"]
[Round "11.8"]
[White "Francke, Joerg"]
[Black "Kettenburg, Stefan"]
[Result "1/2-1/2"]
[WhiteElo "1885"]
[BlackElo "1922"]
[PlyCount "28"]
[EventDate "2000.10.22"]
[EventType "team"]
[EventRounds "11"]
[EventCountry "GER"]
[SourceTitle "EXT 2007"]
[Source "ChessBase"]
[SourceDate "2006.11.23"]
[SourceVersion "1"]
[SourceVersionDate "2006.11.23"]
[SourceQuality "1"]

1. d4 d5 2. Nf3 Nf6 3. Bf4 c5 4. e3 Nc6 5. c3 e6 6. Nbd2 Bd6 7. Bd3 0-0 8. 0-0 b6 9. Rc1 Bb7 10. Ne5 Bxe5 11. Bxe5 Nxe5 12. dxe5 Nd7 13. f4 f5 14. Nf3 Qe7 1/2-1/2